000 00703cam a22002531 4500
001 6535867
003 NUST - PNEC
005 20170116181119.0
008 771102m19579999xx 000 0 eng
010 _a 57045965
035 _a(OCoLC)3389277
040 _aDLC
_cLIBRARY
_dDLC
042 _apremarc
050 0 0 _aTS250
_b.B55
082 _a671.823 BLA
100 1 _aBlackburn, R. G.
245 0 0 _aSheet metal work: Calculation and science
_cR. G. Blackburn
260 _aLondon,
_bE. Arnold
_cc.1958
300 _a v.
_billus.
_c29 cm.
650 0 _aSheet-metal work.
700 1 _aCassidy, J.,
_ejoint author.
906 _a7
_bcbc
_coclcrpl
_du
_encip
_f19
_gy-gencatlg
942 _2ddc
_cBK
999 _c69496
_d69496